| 000 | 01436nam a22002417a 4500 | ||
|---|---|---|---|
| 999 |
_c63309 _d63309 |
||
| 003 | Ge_BSU | ||
| 005 | 20250801124139.0 | ||
| 008 | 250801s2016 ge ||||| |||| 00| 0 geo d | ||
| 020 | _a9789941206085 | ||
| 041 | _ageo | ||
| 080 | _a664(075.8) კ-45 | ||
| 245 |
_aკვების პროდუქტების ტექნოლოგია : _b [დამხმ. სახელმძღვანელო] / _cავტორები: ნ. ბაღათურია, ნ. ბეგიაშვილი, გ. გოლეთიანი [და სხვ.] ; ნ. ბაღათურიას საერთო რედაქციით ; |
||
| 264 |
_aთბილისი : _bტექნ. უნ-ტი, _c2016. |
||
| 300 |
_a528 გვ. : _bსურ. ; _c29 სმ. |
||
| 504 | _aბიბლიოგრ.: გვ. 527. | ||
| 653 | _aკვების პროდუქტების წარმოების ტექნოლოგია -- სახელმძღვანელოები უმაღლესი სასწავლებლებისათვის. | ||
| 653 | _aკვების მრეწველობა | ||
| 700 |
_a ბაღათურია, ნ _925734 |
||
| 700 |
_aბეგიაშვილი, გ. _eდა სხვ _925735 |
||
| 711 |
_aსაქ. ტექნ. უნ-ტი. _925736 |
||
| 773 | _tნაჩუქარი | ||
| 942 |
_2udc _cBK |
||